|
|
|
|
| LEADER |
00000nab a2200000 a 4500 |
| 001 |
vtls001031446 |
| 003 |
SK-MaSNL |
| 005 |
20260303214501.0 |
| 008 |
040720e20040318xo 0 slo |
| 035 |
|
|
|a SL10000
|
| 040 |
|
|
|a SLLK
|b slo
|c SLLK
|e AACR2
|
| 041 |
0 |
|
|a slo
|
| 044 |
|
|
|a xo
|c SK
|
| 080 |
|
|
|a 794.1
|2 1981
|
| 100 |
0 |
|
|a (MV)
|4 aut
|9 846403
|
| 245 |
1 |
0 |
|a Šachový turnaj
|
| 300 |
|
|
|b 1 foto
|
| 650 |
0 |
7 |
|a šach
|2 SLLK
|9 3315
|
| 650 |
0 |
7 |
|a žiaci
|2 SLLK
|9 16621
|
| 650 |
0 |
7 |
|a turnaje
|2 SLLK
|9 29773
|
| 651 |
|
7 |
|a SL,
|2 SLLK
|9 1022390
|
| 655 |
|
7 |
|a periodikum
|2 snkbucl
|9 29553
|
| 700 |
0 |
|
|a (MV)
|4 fot
|9 846403
|
| 773 |
0 |
8 |
|t Ľubovnianske noviny
|g Roč. 30, č.11, 18.3.2004, s. 4
|
| 852 |
|
|
|a ZVYKNI
|b KIS3GCP
|
| 999 |
|
|
|c 2217229
|d 2219159
|